000 00794nam a2200253Ia 4500
003 OSt
005 20220925201859.0
006 a|||||r|||| 00| 0
007 ta
008 220923b |||||||| |||| 00| 0 eng d
037 _cGeneral Book
040 _aRTL
_cRTL
_beng
041 _2eng
_aeng
082 _aY73(Q7):32.2.N6, K9
100 _aDube Leela
_924824
245 0 _aMatriliny and Islam
_b Religion and society in the
260 _aDelhi
_bNational Publishing House
_c1969
300 _avi, 125p
_ccm.
490 _aUniversity of Saugar, Monographs in ANthropology and OSciology. Ed by S C Dube
500 _aBibliography: P 109-113
650 _aMuslims
_926356
942 _hY73(Q7):32.2.N6, K9
_cGB
_2CC
999 _c541591
_d541591